[Event "EU-ch Seniors 50"]
[Site "Lignano Sabbiadoro"]
[Date "2024.11.01"]
[Round "8"]
[White "Van Haastert, Edwin"]
[Black "Vinter Schou, Uffe"]
[Result "1-0"]
[WhiteElo "2415"]
[BlackElo "2318"]
[PlyCount "103"]
[EventDate "2024.10.25"]
[EventType "swiss"]
[EventRounds "9"]
[EventCountry "ITA"]
[SourceTitle "CB45_2024"]
[Source "ChessBase"]
[SourceDate "2024.11.06"]
[SourceVersion "1"]
[SourceVersionDate "2024.11.06"]
[SourceQuality "1"]

1. e4 c5 2. Nc3 e6 3. Nf3 a6 4. g3 Nc6 5. Bg2 d6 6. d4 cxd4 7. Nxd4 Bd7 8. 0-0 Nf6 9. Re1 Rc8 10. Nxc6 Bxc6 11. Nd5 Nd7 12. Nb4 Be7 13. c4 e5 14. Be3 0-0 15. Qb3 Qa5 16. Qc3 Qc7 17. Rac1 Qb8 18. Qd2 Nf6 19. f3 Bd7 20. Bf1 Be6 21. Red1 Nd7 22. Nd5 Bd8 23. b4 Rc6 24. a4 a5 25. Rb1 Qa8 26. b5 Rc8 27. b6 Nc5 28. Rb5 Qb8 29. Bxc5 Bxd5 30. Ba3 Bc6 31. Bxd6 Qa8 32. Rxe5 Bxb6+ 33. c5 Bc7 34. Bb5 Rfd8 35. Bxc6 Bxd6 36. cxd6 Rxc6 37. Rxa5 Ra6 38. Rxa6 Qxa6 39. a5 Qc6 40. Kg2 Kf8 41. e5 h6 42. Qd5 Qc3 43. d7 Qe3 44. h4 Kg8 45. Rd2 h5 46. f4 g6 47. Kh2 Qe1 48. Rc2 Kg7 49. Qd6 Qe4 50. Rd2 Qe1 51. f5 Qe3 52. e6 1-0

[Event "NED-chT 2324"]
[Site "Netherlands"]
[Date "2024.04.20"]
[Round "9.4"]
[White "Kunin, Vitaly L"]
[Black "Van Haastert, Edwin"]
[Result "1/2-1/2"]
[WhiteElo "2541"]
[BlackElo "2427"]
[PlyCount "201"]
[EventDate "2023.09.16"]
[EventType "team-tourn"]
[EventRounds "9"]
[EventCountry "NED"]
[SourceTitle "EXT 2025"]
[Source "ChessBase"]
[SourceDate "2024.10.14"]
[SourceVersion "1"]
[SourceVersionDate "2024.10.14"]
[SourceQuality "1"]
[WhiteTeam "Charlois Europoort"]
[BlackTeam "Leiden IntelliMagic"]
[WhiteTeamCountry "NED"]
[BlackTeamCountry "NED"]

1. d4 d5 2. c4 dxc4 3. Nf3 Nf6 4. e3 e6 5. Bxc4 a6 6. a4 c5 7. 0-0 Nc6 8. Nc3 cxd4 9. exd4 Be7 10. Qd2 0-0 11. Rd1 Nb4 12. Qg5 Bd7 13. Ne5 Bc6 14. Qg3 Bd5 15. Bh6 Ne8 16. Nxd5 exd5 17. Bf1 Bd6 18. Bf4 f6 19. Ng4 Bxf4 20. Qxf4 a5 21. Ra3 Rc8 22. Rg3 Nd6 23. h4 Ne4 24. Re3 Qc7 25. Qf5 Qc2 26. Rde1 g6 27. Qe6+ Kg7 28. f3 Rc6 29. Qe7+ Rf7 30. Qd8 f5 31. R3e2 fxg4 32. Rxc2 Nxc2 33. Rc1 gxf3 34. gxf3 Nxd4 35. Rxc6 Nxf3+ 36. Kg2 bxc6 37. Be2 Nd4 38. Bd1 Nf5 39. Be2 Nd4 40. Bd1 Ne6 41. Qb8 Nf4+ 42. Kf3 Nd2+ 43. Ke3 Nc4+ 44. Kd4 Ne6+ 45. Kc3 Kf6 46. Bg4 Ne5 47. Bxe6 Kxe6 48. Qc8+ Kd6 49. Qd8+ Ke6 50. Qe8+ Kd6 51. Qd8+ Ke6 52. b3 Rf3+ 53. Kc2 Rf2+ 54. Kb1 Nf3 55. Qc8+ Kd6 56. Qb8+ Ke6 57. Qb6 Rf1+ 58. Kb2 Ne5 59. Qxa5 d4 60. Qd8 Nd3+ 61. Ka2 Nb4+ 62. Ka3 c5 63. Qc8+ Kd6 64. Qb8+ Ke6 65. Qb6+ Kd5 66. Qb7+ Ke5 67. a5 Ra1+ 68. Kb2 Ra2+ 69. Kb1 d3 70. Qe7+ Kd5 71. Qxh7 d2 72. Qd7+ Ke4 73. a6 Ke3 74. Qe6+ Kf2 75. Qf6+ Ke2 76. Qe5+ Kd3 77. Qg3+ Kd4 78. Qg4+ Ke3 79. Qg3+ Kd4 80. Qg1+ Kd5 81. a7 Ke4 82. Qxg6+ Ke3 83. Qe6+ Kf2 84. Qf5+ Ke2 85. Qe5+ Kf1 86. Qf4+ Ke2 87. Qc4+ Ke1 88. Qe4+ Kf2 89. Qf4+ Ke2 90. Qg4+ Ke1 91. Qg1+ Ke2 92. Qg2+ Ke1 93. Qh1+ Ke2 94. Qe4+ Kf2 95. Qf4+ Ke2 96. Qc4+ Ke1 97. Qe6+ Kf2 98. Qf6+ Ke2 99. Qe7+ Kf1 100. Qf7+ Ke2 101. Qc4+ 1/2-1/2

[Event "NED-chT 2324"]
[Site "Netherlands"]
[Date "2023.11.25"]
[Round "4.6"]
[White "Krudde, Fitzgerald"]
[Black "Van Haastert, Edwin"]
[Result "1/2-1/2"]
[WhiteElo "2254"]
[BlackElo "2427"]
[PlyCount "36"]
[EventDate "2023.09.16"]
[EventType "team-tourn"]
[EventRounds "9"]
[EventCountry "NED"]
[SourceTitle "EXT 2025"]
[Source "ChessBase"]
[SourceDate "2024.10.14"]
[SourceVersion "1"]
[SourceVersionDate "2024.10.14"]
[SourceQuality "1"]
[WhiteTeam "Amstelveen Zukertort"]
[BlackTeam "Leiden IntelliMagic"]
[WhiteTeamCountry "NED"]
[BlackTeamCountry "NED"]

1. d4 d5 2. c4 c6 3. Nf3 Nf6 4. e3 Bg4 5. h3 Bh5 6. Qb3 Qb6 7. Ne5 e6 8. g4 Bg6 9. Nxg6 hxg6 10. Bg2 Ne4 11. Nc3 f5 12. Nxe4 dxe4 13. Bd2 Nd7 14. Bc3 Be7 15. 0-0-0 0-0-0 16. Qa4 Kb8 17. c5 Qc7 18. Qb3 Nf8 1/2-1/2

[Event "NED-chT 2324"]
[Site "Netherlands"]
[Date "2023.11.04"]
[Round "3.4"]
[White "Van Haastert, Edwin"]
[Black "Van Delft, Merijn"]
[Result "1/2-1/2"]
[WhiteElo "2427"]
[BlackElo "2367"]
[PlyCount "33"]
[EventDate "2023.09.16"]
[EventType "team-tourn"]
[EventRounds "9"]
[EventCountry "NED"]
[SourceTitle "EXT 2025"]
[Source "ChessBase"]
[SourceDate "2024.10.14"]
[SourceVersion "1"]
[SourceVersionDate "2024.10.14"]
[SourceQuality "1"]
[WhiteTeam "Leiden IntelliMagic"]
[BlackTeam "Apeldoorn"]
[WhiteTeamCountry "NED"]
[BlackTeamCountry "NED"]

1. e4 c5 2. Nf3 d6 3. d4 cxd4 4. Nxd4 Nf6 5. Nc3 a6 6. Be3 Ng4 7. Bc1 Nf6 8. f3 e6 9. Be3 h5 10. Qd2 Be7 11. 0-0-0 b5 12. a3 Bb7 13. Kb1 Nbd7 14. Rg1 Rc8 15. Be2 Ne5 16. h3 h4 17. Qe1 1/2-1/2

[Event "NED-chT 2223"]
[Site "Netherlands"]
[Date "2022.11.26"]
[Round "4.1"]
[White "Van Haastert, Edwin"]
[Black "Lenaerts, Lennert"]
[Result "1/2-1/2"]
[WhiteElo "2429"]
[BlackElo "2367"]
[PlyCount "132"]
[EventDate "2022.09.17"]
[EventType "team-tourn"]
[EventRounds "9"]
[EventCountry "NED"]
[SourceTitle "CBM 213 Extra"]
[Source "ChessBase"]
[SourceDate "2023.05.31"]
[SourceVersion "1"]
[SourceVersionDate "2023.05.31"]
[SourceQuality "1"]
[WhiteTeam "Leiden LSG"]
[BlackTeam "Zuid Limburg"]
[WhiteTeamCountry "NED"]
[BlackTeamCountry "NED"]

1. e4 e5 2. Nf3 Nc6 3. Bb5 a6 4. Ba4 Nf6 5. 0-0 Be7 6. Re1 b5 7. Bb3 0-0 8. a4 Bb7 9. d3 d6 10. Bd2 Qd7 11. Nc3 Na5 12. Ba2 b4 13. Ne2 c5 14. Ng3 Rab8 15. Nf5 Bc8 16. Bg5 Bd8 17. Nd2 Qc7 18. Qf3 Nc6 19. c3 Be6 20. Bc4 Bxc4 21. Nxc4 Ne8 22. Bd2 Qd7 23. Qg4 Kh8 24. Ncxd6 Bf6 25. Nxe8 Rfxe8 26. Rad1 bxc3 27. bxc3 Red8 28. Bg5 Bxg5 29. Qxg5 f6 30. Qc1 Na5 31. Qa3 Nc4 32. Qxc5 Nb2 33. Rd2 Nxd3 34. Qe3 Nxe1 35. Rxd7 Rxd7 36. h4 g6 37. Nh6 Nd3 38. Ng4 Rf8 39. Qb6 h5 40. Ne3 Kg7 41. Qxa6 Rff7 42. Nd5 Nf4 43. c4 Ra7 44. Qb5 Ne2+ 45. Kh2 Nd4 46. Qb4 Nc6 47. Qb6 Nd4 48. a5 Rab7 49. Qc5 Rb2 50. a6 Rxf2 51. a7 Ra2 52. Nc7 Nf3+ 53. Kg3 Nd2 54. Kh2 Nxe4 55. Qb6 Nf2 56. a8Q Ng4+ 57. Kg3 Rxa8 58. Nxa8 Rd7 59. Kf3 Rd2 60. Nc7 f5 61. Ne8+ Kh6 62. Nf6 Nh2+ 63. Kg3 Nf1+ 64. Kf3 Nh2+ 65. Kg3 Nf1+ 66. Kf3 Nh2+ 1/2-1/2

[Event "NED-chT 2223"]
[Site "Netherlands"]
[Date "2022.10.08"]
[Round "2.3"]
[White "Van Haastert, Edwin"]
[Black "Ernst, Sipke"]
[Result "1/2-1/2"]
[WhiteElo "2429"]
[BlackElo "2515"]
[PlyCount "45"]
[EventDate "2022.09.17"]
[EventType "team-tourn"]
[EventRounds "9"]
[EventCountry "NED"]
[SourceTitle "CBM 213 Extra"]
[Source "ChessBase"]
[SourceDate "2023.05.31"]
[SourceVersion "1"]
[SourceVersionDate "2023.05.31"]
[SourceQuality "1"]
[WhiteTeam "Leiden LSG"]
[BlackTeam "Groningen Combinatie"]
[WhiteTeamCountry "NED"]
[BlackTeamCountry "NED"]

1. e4 e5 2. Nf3 Nc6 3. Nc3 Nf6 4. d4 exd4 5. Nxd4 Bb4 6. Nxc6 bxc6 7. Bd3 0-0 8. 0-0 Re8 9. Bg5 Qe7 10. Re1 d6 11. Qd2 Qe5 12. h3 Rb8 13. Bf4 Qa5 14. a3 Bxc3 15. Qxc3 Qxc3 16. bxc3 Nd7 17. Rab1 Rxb1 18. Rxb1 Nb6 19. f3 f6 20. Kf2 Kf8 21. a4 Ke7 22. a5 Nd7 23. Be3 1/2-1/2

[Event "NED-chT 2223"]
[Site "Netherlands"]
[Date "2022.09.17"]
[Round "1.9"]
[White "Ijzermans, Gijs"]
[Black "Van Haastert, Edwin"]
[Result "0-1"]
[WhiteElo "2103"]
[BlackElo "2429"]
[PlyCount "86"]
[EventDate "2022.09.17"]
[EventType "team-tourn"]
[EventRounds "9"]
[EventCountry "NED"]
[SourceTitle "CBM 213 Extra"]
[Source "ChessBase"]
[SourceDate "2023.05.31"]
[SourceVersion "1"]
[SourceVersionDate "2023.05.31"]
[SourceQuality "1"]
[WhiteTeam "Amstelveen Zukertort"]
[BlackTeam "Leiden LSG"]
[WhiteTeamCountry "NED"]
[BlackTeamCountry "NED"]

1. c4 c6 2. g3 d5 3. Bg2 Nf6 4. Nf3 Bf5 5. 0-0 e6 6. d3 Nbd7 7. cxd5 exd5 8. Nc3 Be7 9. Re1 0-0 10. e4 dxe4 11. dxe4 Bg6 12. e5 Ne8 13. Qe2 Nc5 14. Rd1 Qc8 15. Be3 Nc7 16. Bxc5 Bxc5 17. Qc4 Be7 18. Rd2 Qf5 19. Re1 Rad8 20. Nd4 Qc8 21. Red1 Bh5 22. f3 Bg5 23. Re2 Rfe8 24. h4 Be7 25. g4 c5 26. Nf5 Rxd1+ 27. Nxd1 Qd8 28. Nde3 Bg6 29. f4 Bxf5 30. Nxf5 b5 31. Qe4 Ne6 32. Nxe7+ Qxe7 33. Re3 Qxh4 34. Rh3 Qxg4 35. Qxh7+ Kf8 36. Rh4 Qg3 37. f5 Ng5 38. Qh8+ Ke7 39. f6+ Kd8 40. Qh5 Qe1+ 41. Kh2 Qxe5+ 42. Kg1 Qg3 43. Qd1+ Kc7 0-1

[Event "BEL-chT 1920"]
[Site "Belgium"]
[Date "2020.01.19"]
[Round "6.6"]
[White "Buscher, Michael"]
[Black "Van Haastert, Edwin"]
[Result "1/2-1/2"]
[WhiteElo "2362"]
[BlackElo "2435"]
[PlyCount "76"]
[EventDate "2019.09.29"]
[EventType "team-tourn"]
[EventRounds "11"]
[EventCountry "BEL"]
[SourceTitle "CBM 195 Extra"]
[Source "ChessBase"]
[SourceDate "2020.05.31"]
[SourceVersion "1"]
[SourceVersionDate "2020.05.31"]
[SourceQuality "1"]
[WhiteTeam "Echiquier Mosan"]
[BlackTeam "KGSRL"]
[WhiteTeamCountry "BEL"]
[BlackTeamCountry "BEL"]

1. Nf3 c5 2. e4 d6 3. Bb5+ Bd7 4. Bxd7+ Qxd7 5. c4 Nf6 6. Nc3 g6 7. d4 cxd4 8. Nxd4 Nc6 9. f3 Nxd4 10. Qxd4 Bg7 11. Be3 0-0 12. Qd3 a6 13. 0-0 Rfc8 14. Rac1 Qd8 15. b3 Qa5 16. Rf2 Kf8 17. Rfc2 Nd7 18. Nd5 Rc6 19. Bd2 Qc5+ 20. Kf1 Qd4 21. Qxd4 Bxd4 22. Ke2 e6 23. Nb4 Rcc8 24. Rd1 Bc5 25. Nd3 Ke7 26. Nxc5 Nxc5 27. Be3 e5 28. Rcd2 Ne6 29. a4 Rc6 30. g3 f5 31. exf5 gxf5 32. f4 exf4 33. gxf4 Rg8 34. Kf3 Rg6 35. Rd5 Rh6 36. Kg2 Rg6+ 37. Kf3 Rh6 38. Kg2 Rg6+ 1/2-1/2

[Event "EU-Cup 35th"]
[Site "Ulcinj"]
[Date "2019.11.16"]
[Round "7.8"]
[White "Van Haastert, Edwin"]
[Black "Esipenko, Andrey"]
[Result "1/2-1/2"]
[WhiteElo "2439"]
[BlackElo "2636"]
[PlyCount "64"]
[EventDate "2019.11.10"]
[EventType "team-swiss"]
[EventRounds "7"]
[EventCountry "MNE"]
[SourceTitle "CBM 193 Extra"]
[Source "ChessBase"]
[SourceDate "2020.01.31"]
[SourceVersion "1"]
[SourceVersionDate "2020.01.31"]
[SourceQuality "1"]
[WhiteTeam "Leiden LSG"]
[BlackTeam "Molodezka"]
[WhiteTeamCountry "NED"]
[BlackTeamCountry "RUS"]

1. e4 c6 2. d4 d5 3. e5 Bf5 4. Nf3 e6 5. Be2 c5 6. Be3 Qb6 7. Nc3 Nc6 8. 0-0 Qxb2 9. Qe1 cxd4 10. Bxd4 Nxd4 11. Nxd4 Bb4 12. Rb1 Bxc3 13. Rxb2 Bxe1 14. Rxe1 b6 15. Bb5+ Kf8 16. Nxf5 exf5 17. c4 dxc4 18. Bxc4 g5 19. Rbe2 Rc8 20. Bb3 Rc7 21. e6 fxe6 22. Bxe6 Ne7 23. Re5 Kg7 24. Bb3 Ng6 25. Rxf5 Re8 26. Kf1 Rxe1+ 27. Kxe1 Re7+ 28. Kd2 h6 29. g3 Ne5 30. h3 Nd7 31. f4 gxf4 32. Rxf4 Nf6 1/2-1/2

[Event "EU-Cup 35th"]
[Site "Ulcinj"]
[Date "2019.11.15"]
[Round "6.14"]
[White "Van Haastert, Edwin"]
[Black "Damjanovic, Vuk"]
[Result "1-0"]
[WhiteElo "2439"]
[BlackElo "2294"]
[PlyCount "82"]
[EventDate "2019.11.10"]
[EventType "team-swiss"]
[EventRounds "7"]
[EventCountry "MNE"]
[SourceTitle "CBM 193 Extra"]
[Source "ChessBase"]
[SourceDate "2020.01.31"]
[SourceVersion "1"]
[SourceVersionDate "2020.01.31"]
[SourceQuality "1"]
[WhiteTeam "Leiden LSG"]
[BlackTeam "Itaka"]
[WhiteTeamCountry "NED"]
[BlackTeamCountry "SRB"]

1. e4 c6 2. d4 d5 3. e5 Bf5 4. Nf3 e6 5. Be2 Be7 6. 0-0 h5 7. c4 g5 8. Be3 Nh6 9. Qb3 g4 10. Nfd2 Qb6 11. Nc3 Bg6 12. c5 Qxb3 13. axb3 Nf5 14. b4 f6 15. exf6 Bxf6 16. Nb3 Nxe3 17. fxe3 Bg5 18. e4 Nd7 19. b5 Rf8 20. Rfd1 Nf6 21. Na5 Nxe4 22. Nxe4 Bxe4 23. Nxb7 Be3+ 24. Kh1 cxb5 25. Nd6+ Ke7 26. Nxe4 dxe4 27. Bxb5 Rfd8 28. Bc6 Rac8 29. Rxa7+ Kf6 30. Rf1+ Kg5 31. Bxe4 Bxd4 32. b4 Bc3 33. c6 Rd4 34. Rg7+ Kh6 35. Rg6+ Kh7 36. Rxe6+ Kg7 37. Re7+ Kg8 38. c7 Bxb4 39. Bf5 Ra8 40. Rd7 Rf4 41. Rd8+ Kg7 1-0

[Event "EU-Cup 35th"]
[Site "Ulcinj"]
[Date "2019.11.14"]
[Round "5.15"]
[White "Van Haastert, Edwin"]
[Black "Fejzullahu, Afrim"]
[Result "1/2-1/2"]
[WhiteElo "2439"]
[BlackElo "2201"]
[PlyCount "67"]
[EventDate "2019.11.10"]
[EventType "team-swiss"]
[EventRounds "7"]
[EventCountry "MNE"]
[SourceTitle "CBM 193 Extra"]
[Source "ChessBase"]
[SourceDate "2020.01.31"]
[SourceVersion "1"]
[SourceVersionDate "2020.01.31"]
[SourceQuality "1"]
[WhiteTeam "Leiden LSG"]
[BlackTeam "Drejtesia"]
[WhiteTeamCountry "NED"]
[BlackTeamCountry "KOS"]

1. Nf3 Nf6 2. c4 g6 3. Nc3 Bg7 4. e4 d6 5. d4 0-0 6. Be2 e5 7. 0-0 Nc6 8. Be3 Ng4 9. Bg5 f6 10. Bc1 Nh6 11. dxe5 Nxe5 12. Nxe5 fxe5 13. c5 Be6 14. cxd6 cxd6 15. Be3 Nf7 16. Qd2 a6 17. Nd5 Bxd5 18. Qxd5 Qe7 19. Rac1 Kh8 20. Rfd1 Rad8 21. Bg4 h5 22. Qe6 Rfe8 23. Qxe7 Rxe7 24. Be2 Bh6 25. Bxh6 Nxh6 26. Rc3 Kg7 27. a4 Ng8 28. Rb3 Rc7 29. Rb4 Ne7 30. h4 Nc6 31. Rc4 Rf7 32. g3 Nd4 33. Rd2 b5 34. axb5 1/2-1/2

[Event "Leiden SB-ch 1819"]
[Site "Leiden"]
[Date "2019.06.21"]
[Round "9"]
[White "Van Haastert, Edwin"]
[Black "Van der Werf, Mark"]
[Result "1/2-1/2"]
[WhiteElo "2438"]
[BlackElo "2374"]
[PlyCount "68"]
[EventDate "2018.10.19"]
[EventType "swiss"]
[EventRounds "9"]
[EventCountry "NED"]
[SourceTitle "EXT 2023"]
[Source "ChessBase"]
[SourceDate "2022.10.05"]
[SourceVersion "1"]
[SourceVersionDate "2022.10.05"]
[SourceQuality "1"]

1. e4 d6 2. d4 Nf6 3. Nc3 g6 4. Be3 c6 5. h3 Qa5 6. Bd3 e5 7. Nf3 Bg7 8. 0-0 0-0 9. Qd2 Qc7 10. a4 Nbd7 11. dxe5 Nxe5 12. Be2 Nxf3+ 13. Bxf3 Be6 14. Rfd1 Rfd8 15. Bf4 Qa5 16. Bg5 Rd7 17. Bxf6 Bxf6 18. Nd5 Qd8 19. Nxf6+ Qxf6 20. Qd4 Qxd4 21. Rxd4 Rad8 22. a5 d5 23. exd5 Bxd5 24. Rad1 Be6 25. Rxd7 Rxd7 26. Rxd7 Bxd7 27. Kf1 Kf8 28. Ke2 Ke7 29. Ke3 Kd6 30. b4 b6 31. axb6 axb6 32. h4 h6 33. c3 Be6 34. Be4 g5 1/2-1/2

[Event "NED-chT 1819"]
[Site "Netherlands"]
[Date "2019.05.11"]
[Round "9.8"]
[White "Van Dael, Siem"]
[Black "Van Haastert, Edwin"]
[Result "1/2-1/2"]
[WhiteElo "2198"]
[BlackElo "2432"]
[PlyCount "87"]
[EventDate "2018.09.15"]
[EventType "team-tourn"]
[EventRounds "9"]
[EventCountry "NED"]
[SourceTitle "CBM 189 Extra"]
[Source "ChessBase"]
[SourceDate "2019.05.31"]
[SourceVersion "1"]
[SourceVersionDate "2019.05.31"]
[SourceQuality "1"]
[WhiteTeam "Calder HMC"]
[BlackTeam "Leiden LSG"]
[WhiteTeamCountry "NED"]
[BlackTeamCountry "NED"]

1. e4 e6 2. d4 d5 3. Nc3 Bb4 4. e5 c5 5. a3 Bxc3+ 6. bxc3 Qa5 7. Bd2 Qa4 8. h4 Nc6 9. h5 h6 10. Nf3 c4 11. Nh4 Nge7 12. g3 Bd7 13. Bh3 0-0-0 14. 0-0 Rdf8 15. Kg2 Kb8 16. f4 g6 17. Rf2 Ka8 18. Bc1 Qa5 19. Bd2 Qd8 20. Qe2 Rhg8 21. Kh2 Nf5 22. Ng2 Nce7 23. g4 Ng7 24. hxg6 fxg6 25. Raf1 h5 26. g5 Ba4 27. Qd1 Qb6 28. Ne3 Ngf5 29. Bxf5 Rxf5 30. Qb1 Qxb1 31. Rxb1 Rgf8 32. Nxf5 Nxf5 33. Rb2 Rc8 34. Bc1 Rc6 35. Rb4 a5 36. Rb2 Ka7 37. Bd2 Rb6 38. Rxb6 Kxb6 39. Bc1 Bc6 40. Bd2 Ba4 41. Bc1 Kb5 42. Kh3 Kc6 43. Re2 Kb5 44. Rf2 1/2-1/2

[Event "EU-Cup 34th"]
[Site "Porto Carras"]
[Date "2018.10.13"]
[Round "2.3"]
[White "Van Haastert, Edwin"]
[Black "Safarli, Eltaj"]
[Result "0-1"]
[WhiteElo "2437"]
[BlackElo "2676"]
[PlyCount "84"]
[EventDate "2018.10.12"]
[EventType "team-swiss"]
[EventRounds "7"]
[EventCountry "GRE"]
[SourceTitle "CBM 187"]
[Source "ChessBase"]
[SourceDate "2018.12.11"]
[SourceVersion "1"]
[SourceVersionDate "2018.12.11"]
[SourceQuality "1"]
[WhiteTeam "Leiden LSG"]
[BlackTeam "Odlar Yurdu"]
[WhiteTeamCountry "NED"]
[BlackTeamCountry "AZE"]

1. e4 c5 2. Nf3 Nc6 3. d4 cxd4 4. Nxd4 Qb6 5. Nb3 Nf6 6. Nc3 e6 7. Qe2 Bb4 8. Bd2 0-0 9. a3 Bxc3 10. Bxc3 e5 11. 0-0-0 Re8 12. f3 Rd8 13. Qb5 Qc7 14. Na5 a6 15. Qc4 d6 16. Bb4 Rd7 17. Kb1 Rb8 18. Be2 Qb6 19. Nxc6 bxc6 20. Qc3 c5 21. Ba5 Qc6 22. Bc4 Rdb7 23. b3 Be6 24. Ka2 Rd7 25. Rhe1 h6 26. Rd2 Nh7 27. Bd5 Bxd5 28. Rxd5 f5 29. Qc4 Kh8 30. exf5 Nf6 31. Rdd1 d5 32. Qa4 Rb5 33. Rxe5 c4 34. b4 d4 35. Kb2 c3+ 36. Kb1 Qc4 37. f4 Ng4 38. Re8+ Kh7 39. Rd8 Rxd8 40. Bxd8 Nf2 41. Re1 d3 42. cxd3 Nxd3 0-1

[Event "EU-Cup 34th"]
[Site "Porto Carras"]
[Date "2018.10.12"]
[Round "1.3"]
[White "Mathioulakis, Fanis"]
[Black "Van Haastert, Edwin"]
[Result "0-1"]
[WhiteElo "1856"]
[BlackElo "2437"]
[PlyCount "130"]
[EventDate "2018.10.12"]
[EventType "team-swiss"]
[EventRounds "7"]
[EventCountry "GRE"]
[SourceTitle "CBM 187"]
[Source "ChessBase"]
[SourceDate "2018.12.11"]
[SourceVersion "1"]
[SourceVersionDate "2018.12.11"]
[SourceQuality "1"]
[WhiteTeam "Chania Kaissa"]
[BlackTeam "Leiden LSG"]
[WhiteTeamCountry "GRE"]
[BlackTeamCountry "NED"]

1. c4 e5 2. Nc3 Bb4 3. Nf3 Bxc3 4. dxc3 d6 5. Bg5 f6 6. Bh4 Ne7 7. e3 Nbc6 8. Qc2 Bf5 9. Bd3 Bxd3 10. Qxd3 Qd7 11. h3 f5 12. Bxe7 e4 13. Qd5 exf3 14. Bh4 fxg2 15. Rg1 Qf7 16. 0-0-0 0-0 17. Rxg2 Rae8 18. Bf6 g6 19. Bd4 Re4 20. Rdg1 Qxd5 21. cxd5 Nxd4 22. cxd4 f4 23. Kd2 fxe3+ 24. fxe3 Rf3 25. Rc1 Re7 26. Rh2 Rfxe3 27. Rxc7 Rxc7 28. Kxe3 Kg7 29. Ke4 Kf6 30. h4 a5 31. a3 b5 32. Rf2+ Kg7 33. Kd3 Kh6 34. Rf6 Rd7 35. Rf8 Kh5 36. Rf4 Rb7 37. Re4 b4 38. axb4 Rxb4 39. Kc3 Rb5 40. Re7 h6 41. Re6 Rb6 42. b3 g5 43. hxg5 hxg5 44. Re8 g4 45. Rh8+ Kg5 46. Rg8+ Kf4 47. Rf8+ Kg3 48. Rc8 Kf3 49. Rf8+ Kg2 50. Rc8 g3 51. Rg8 Kf2 52. Rf8+ Kg1 53. Rf6 g2 54. Rg6 Rb8 55. Rxd6 Rf8 56. Kc4 Rg8 57. Rf6 Kh2 58. Rf2 Kg3 59. Rxg2+ Kxg2 60. Kb5 Kf3 61. Kxa5 Ke4 62. b4 Kxd4 63. Ka6 Kxd5 64. b5 Kc5 65. b6 Rg6 0-1

[Event "NED-chT 1718"]
[Site "Netherlands"]
[Date "2018.04.07"]
[Round "8.3"]
[White "Van Haastert, Edwin"]
[Black "Zwirs, Nico"]
[Result "1/2-1/2"]
[WhiteElo "2446"]
[BlackElo "2396"]
[PlyCount "51"]
[EventDate "2017.09.16"]
[EventType "team-tourn"]
[EventRounds "9"]
[EventCountry "NED"]
[SourceTitle "EXT 2019"]
[Source "ChessBase"]
[SourceDate "2018.10.10"]
[SourceVersion "1"]
[SourceVersionDate "2018.10.10"]
[SourceQuality "1"]
[WhiteTeam "Leiden LSG"]
[BlackTeam "Apeldoorn"]
[WhiteTeamCountry "NED"]
[BlackTeamCountry "NED"]

1. e4 c5 2. Nf3 d6 3. Bb5+ Nc6 4. 0-0 Bd7 5. Re1 Nf6 6. c3 a6 7. Bf1 Bg4 8. h3 Bxf3 9. Qxf3 e6 10. Qg3 Nh5 11. Qe3 g6 12. d3 Bg7 13. Nd2 0-0 14. Nf3 e5 15. a3 Na5 16. b4 Nb3 17. Rb1 Nxc1 18. Rexc1 cxb4 19. cxb4 d5 20. exd5 Qxd5 21. Rc5 Qa2 22. Qc1 Qe6 23. Qc4 Qxc4 24. dxc4 e4 25. Nd2 Rfe8 26. Rd5 1/2-1/2

[Event "Delft Prinsenstad op 11th"]
[Site "Delft"]
[Date "2018.04.01"]
[Round "5"]
[White "Lalic, Bogdan"]
[Black "Van Haastert, Edwin"]
[Result "1/2-1/2"]
[WhiteElo "2397"]
[BlackElo "2441"]
[PlyCount "71"]
[EventDate "2018.03.30"]
[EventType "swiss"]
[EventRounds "6"]
[EventCountry "NED"]
[SourceTitle "CBM 183 Extra"]
[Source "ChessBase"]
[SourceDate "2018.04.19"]
[SourceVersion "1"]
[SourceVersionDate "2018.04.19"]
[SourceQuality "1"]

1. d4 d5 2. c4 c6 3. Nf3 Nf6 4. Nc3 dxc4 5. a4 e6 6. e4 Bb4 7. e5 Nd5 8. Bd2 b5 9. Ng5 Bb7 10. h4 Qe7 11. axb5 Bxc3 12. bxc3 cxb5 13. Ne4 0-0 14. Bg5 f6 15. exf6 Nxf6 16. Nxf6+ gxf6 17. Bh6 Rd8 18. Rh3 Kh8 19. Re3 Bd5 20. f4 Nc6 21. Rb1 Rab8 22. g4 b4 23. cxb4 Rxb4 24. Rc1 Rb3 25. Qd2 Qa3 26. f5 Nxd4 27. Rxb3 Nxb3 28. Qc3 Qe7 29. Rd1 exf5+ 30. Qe3 Qf7 31. Kf2 Re8 32. Qf4 a5 33. Qxf5 Qa7+ 34. Kg3 Qg1+ 35. Kh3 Qh1+ 36. Kg3 1/2-1/2

[Event "Delft Prinsenstad op 11th"]
[Site "Delft"]
[Date "2018.03.31"]
[Round "2"]
[White "Van der Velden, Bram"]
[Black "Van Haastert, Edwin"]
[Result "0-1"]
[WhiteElo "2197"]
[BlackElo "2441"]
[PlyCount "114"]
[EventDate "2018.03.30"]
[EventType "swiss"]
[EventRounds "6"]
[EventCountry "NED"]
[SourceTitle "CBM 183 Extra"]
[Source "ChessBase"]
[SourceDate "2018.04.19"]
[SourceVersion "1"]
[SourceVersionDate "2018.04.19"]
[SourceQuality "1"]

1. d4 d5 2. c4 c6 3. Nf3 Nf6 4. Nc3 dxc4 5. a4 Bf5 6. e3 e6 7. Bxc4 Bb4 8. 0-0 0-0 9. Nh4 Bg4 10. f3 Bh5 11. g4 Bg6 12. Nxg6 hxg6 13. e4 Qa5 14. Qb3 c5 15. d5 exd5 16. exd5 Nbd7 17. Re1 Nb6 18. Bf4 Nxc4 19. Qxc4 Rad8 20. d6 a6 21. Red1 Bxc3 22. bxc3 Rfe8 23. Rab1 Rd7 24. Re1 Kf8 25. Rxe8+ Nxe8 26. Rd1 Qb6 27. Qd5 c4+ 28. Qd4 Qc6 29. Qe4 Qxe4 30. fxe4 g5 31. Be5 f6 32. Bg3 Kf7 33. Rd4 Ke6 34. Rxc4 Nxd6 35. Bxd6 Rxd6 36. Kf2 Rd2+ 37. Kg3 g6 38. Rb4 Rd7 39. Kf3 Rc7 40. Rb3 Ke5 41. Ke3 Rc4 42. Rxb7 Rxe4+ 43. Kf3 Rxa4 44. Re7+ Kd6 45. Rg7 Rc4 46. Rxg6 Ke5 47. Rg8 Rxc3+ 48. Kg2 Kf4 49. Ra8 Rc2+ 50. Kh3 Rc6 51. Ra7 f5 52. gxf5 Kf3 53. Rh7 a5 54. Rh5 a4 55. Rh7 a3 56. f6 Rxf6 57. Rf7 g4+ 0-1